000 01910nam0a2200349 4500
001 RU\NLR\bibl\731872
005 20260407075303.0
010 _a5-88006-334-8
_9200
021 _aRU
_b2004-58695
_92889
035 _a(NLR Aleph) 000721825
090 _a707814
_c707814
100 _a20050304d2003 |||y0rusy50 ca
101 0 _arus
102 _aRU
105 _ay |||||||||
200 1 _aАктуальные проблемы преподавания политической науки в высшей школе
_eСб. статей
_fМ-во образования Рос. Федерации, Гос. образоват. учреждение высш. проф. образования "Рязан. гос. пед. ун-т им. С.А. Есенина"
_g[Науч. ред.: Г.Я. Козлов, д.ист.н., проф.]
210 _aРязань
_cГос. образоват. учреждение высш. проф. образования "Рязан. гос. пед. ун-т"
_d2003
215 _a129, [1] с.
_d20
320 _aБиблиогр. в подстроч. примеч.
606 0 _aПолитические науки
_jСборники
_xМетодика преподавания
_xВысшая школа
_92369691
_3RU\NLR\auth\661414494
606 0 _aПолитические науки
_xПреподавание
_xВысшие учебные заведения
_92369693
_3RU\NLR\AUTH\661414495
686 1 _aЧ486.305я431
686 1 _aФ.в.я431
702 1 _aКозлов
_bГ. Я.
_4340
712 0 2 _4570
_aРязанский государственный педагогический университет им. С. А. Есенина
_9279767
_3RU\NLR\AUTH\884185
801 0 _aRU
_bNLR
_c20050304
_grcr
801 1 _aRU
_bNLR
_c20050304
942 _cBOOK
980 _aNB